Une définition, un lieu de Paris - Statistiques

Statistiques générales
  • Ce quiz a été pris 26 fois
  • Le résultat moyen est 5 sur 70
Statistiques - réponses
Arrondissement Définition Réponse % Correct
12e Grâce à lui, les aveugles lisent en silence Braille
67%
7e Un Anatole bien de chez nous ! France
50%
17e Célèbre le père d'une célèbre Emma Flaubert
39%
7e Il ne s'agit pas de l'examen Bac
33%
14e Tout près du Mouton Duvernet
33%
7e Un pont à franchir pour gagner sa place Concorde
28%
8e Aimé de Montaigne (2 mots) La Boétie
28%
19e Il ne soutient pas la voute du passage qui porte son nom Atlas
22%
13e Ca ne chauffe pas dans cette rue Glacière
22%
15e 2e rue du Monopoly Lecourbe
17%
10e Celle qui le vend a son faubourg Poisson
17%
18e Grandes soeurs Abbesses
11%
1er Il en faut plusieurs pour faire un pont Arts
11%
4e Un curieux palmier en orne le centre Châtelet
11%
18e Equidés en duo (2 mots) Deux ânes
11%
6e Lance-flamme d'autrefois Dragon
11%
13e Celui-ci n'était pas de Bouillon Godefroy
11%
11e Omer et non Achille Talon
11%
18e Bien que Centralien, il était marginal Vian
11%
19e Autrefois appelés Britons, Tommies ou Goddam Anglais
6%
5e Ses carreaux sont un atout redouté Arbalète
6%
1er C'est elle, et pas lui qui a sa rue dans le 1er arrondissement Casanova
6%
20e N'est un palais qu'en Russie Ermitage
6%
1er Saint au bord du trou Eustache
6%
16e Toujours belles dans le quartier Feuilles
6%
20e Père éternel La Chaise
6%
18e On comprend qu'il ait abandonné Tournachon pour ce nom Nadar
6%
12e En souvenir d'une importante naissance Nativité
6%
9e On y apprécie le grand air Opéra
6%
5e En haut de la montagne Panthéon
6%
11e Début de parcours pour Jehanne Vaucouleurs
6%
1er Face au Louvre Académie
0%
19e Celles là ne seront pas plumées Alouettes
0%
3e L'hôtel qui leur est consacré est classé ! Archives
0%
9e Homme de la smalah Aumale
0%
9e Province d'origine de la tour de Rochechouart Auvergne
0%
20e Toujours une pièce rapportée pour quelqu'un (1 mot) Beaufils
0%
3e Chansonnier des Enfants rouges Béranger
0%
3e Plutarque en plus amusant Brantôme
0%
1er A plusieurs, elles deviennent une rue Capucines
0%
2e Grand pour un petit passage Cerf
0%
13e On y a couru le 27 mai 1968 Charlety
0%
1er A contribué à faire connaître une habitante du quartier Claudine
0%
14e A contribué à la popularisation rapide d'une invention lente Daguerre
0%
6e N'existe plus sauf en cuisine Dauphine
0%
13e Ils sont 5 dans le quartier de la Maison Blanche Diamants
0%
18e Sa parole est indiscutable Evangile
0%
8e 1er dans le Triangle d'or François
0%
14e Il n'en resta que des cendres (2 mots) Giordano Bruno
0%
6e As volent tôt disparu Guynemer
0%
2e Passés de la commedia del arte au boulevard Italiens
0%
17e Mais qui était son beau-père ? Legendre
0%
13e N'était ni un toutou ni un Braque Le Titien
0%
13e Il a passé une partie de sa vie sur les nerfs Magendie
0%
9e Commune qui doit sa célébrité à la lune Maubeuge
0%
12e Point de jeunes sportifs ici et pourtant... Minimes
0%
15e Dans cette rue on trouve de tout sauf des pas perdus Morillons
0%
11e Il en manque une pour l'hiver Moufle
0%
6e N'a pourtant pas une spécialité de bottes mais de faïence Nevers
0%
10e Tout le monde voudrait connaitre son chemin Paradis
0%
11e Fait l'Auguste mais pas au cirque d'hiver Philippe
0%
5e Les cruches doivent s'en méfier (3 mots) Pot-de-fer
0%
16e Ses jardins sont près du bois Ranelagh
0%
13e Ils ont leur château dans le plus grand quartier de Paris Rentiers
0%
12e D'après son portrait, cet architecte portait mal son nom Rondelet
0%
18e Les bouquets de la famille étaient fort appréciés Ruggieri
0%
18e Quand la Haute-Garonne rencontre le Tarn Toulouse-Lautrec
0%
4e Mieux vaut s'y tenir à carreau Verrerie
0%
4e Moyen de transport qui n'est pas réservé à Albert Victoria
0%
2e Cours de la Bourse Vivienne
0%
Aucun quiz correspondant
Distribution des résultats
% des personnes avec chaque résultat
Percentile par nombre de réponses
Votre historique - résultats
Vous n’avez pas pris ce quiz